000
00308nam a2200145Ia 4500
100
_a
Mather/Tim/ K.Subra
942
_c
BK
366
_f
20
245
_a
Cloud security privacy
260
_b
Shroff Publishers
_c
2010
082
_a
4.65
_b
MAT
300
_a
312
546
_a
ENGLISH
_c
Computers
999
_c
17787
_d
17787